Vainqueurs du Vendée Globe - Statistiques

Statistiques générales
  • Ce quiz a été pris 145 fois
    26 depuis la dernière actualisation
  • Le résultat moyen est 6 sur 10
Statistiques - réponses
Édition Nom du Bateau Temps Skipper % Correct
2016/2017 Banque Populaire VIII 74 j 03 h 35 min 46 s Armel Le Cléac'h
80%
2012/2013 Macif 78 j 02 h 16 min 40 s François Gabart
75%
2024/2025 Macif santé prévoyance 64 j 19 h 22 min 49 s Charlie Dalin
65%
2020/2021 Maître CoQ IV 80 j 03 h 44 min 46 s Yannick Bestaven
65%
1989/1990 Écureuil d'Aquitaine II 109 j 08 h 47 min 55 s Titouan Lamazou
60%
2004/2005 PRB 3 87 j 10 h 47 min 55 s Vincent Riou
60%
2000/2001 PRB 3 93 j 03 h 57 min 32 s Michel Desjoyeaux
55%
2008/2009 Foncia 84 j 03 h 09 min 08 s Michel Desjoyeaux
55%
1992/1993 Bagages Superior 110 j 17 h 20 min 08 s Alain Gautier
40%
1996/1997 Geodis 105 j 20 h 31 min 23 s Christophe Auguin
30%
Aucun quiz correspondant
Distribution des résultats
% des personnes avec chaque résultat
Percentile par nombre de réponses
Votre historique - résultats
Vous n’avez pas pris ce quiz depuis la dernière actualisation